|
|
|
|
| LEADER |
00000nab a2200000 a 4500 |
| 001 |
vtls009283067 |
| 003 |
SK-MaSNL |
| 005 |
20260304151647.0 |
| 008 |
250506c2008 xo |||||||||||000 b|slo |
| 015 |
|
|
|a SNBRB2008/04
|2 snkbucl
|
| 035 |
|
|
|a (uuid)486523e6-ff34-44d0-b1b0-1a0e1070a3ca
|
| 035 |
|
|
|a urn:nbn:sk:snk-ab124q
|
| 035 |
|
|
|a (urnnbn)urn:nbn:sk:snk:ar-a04kob
|
| 038 |
|
|
|a SNKBUCL
|
| 040 |
|
|
|a SNKBUCL
|b slo
|c SNKBUCL
|e AACR2
|
| 041 |
0 |
|
|a slo
|
| 044 |
|
|
|a xo
|c SK
|
| 080 |
|
|
|a 338.43:339.923(4)
|x (438)
|2 1997
|
| 080 |
|
|
|a 631:339.923(4)
|x (438)
|2 1997
|
| 100 |
1 |
|
|a Raček, Marcel,
|d 1976-
|4 aut
|9 217723
|
| 245 |
1 |
0 |
|a Poľské poľnohospodárstvo v kontexte vstupu do Európskej Únie
|c Marcel Raček
|
| 300 |
|
|
|b Fotogr., tab.
|
| 610 |
2 |
7 |
|a Európska únia
|2 snkbucl
|9 29861
|
| 650 |
0 |
7 |
|a poľnohospodárstvo
|2 snkbucl
|9 679
|
| 651 |
|
7 |
|a Poľsko
|2 snkbucl
|9 16755
|
| 773 |
0 |
|
|t Naše pole
|g Roč. XII, č. 4 (2008), s. 26
|x 1335-2466
|
| 850 |
|
|
|a Slovenská národná knižnica
|
| 852 |
|
|
|a Slovenská národná knižnica
|
| 954 |
|
|
|a odborná, vedecká literatúra pôvodná (slovenská)
|2 lita
|
| 958 |
|
|
|a article27
|
| 958 |
|
|
|a PL
|
| 958 |
|
|
|a OND
|
| 958 |
|
|
|a EUIPO
|
| 999 |
|
|
|c 2945095
|d 2947025
|